| 000 | 00681nam a2200277Ia 4500 | ||
|---|---|---|---|
| 008 | 171025s9999 xx 000 0 und d | ||
| 020 | _a9781501144165 | ||
| 050 | _a158.1 | ||
| 050 | _bD836 2016 | ||
| 100 | _aDuckworth, Angela | ||
| 245 | _aGrit : | ||
| 245 | _bthe power of passion and perseverance / | ||
| 245 | _cby Angela Duckworth. | ||
| 260 | _aNew York : | ||
| 260 | _bScribner, | ||
| 260 | _c2016 | ||
| 300 | _axv, 333 pages : | ||
| 300 | _billustrations ; | ||
| 300 | _c23cm. | ||
| 500 | _aIncludes index. | ||
| 650 | _aBusiness & Economics -- | ||
| 650 | _aBusiness. | ||
| 650 | _aEconomics. | ||
| 650 | _xPersonal success. | ||
| 700 | _aTitle. | ||
| 999 |
_c344930 _d344930 |
||